Normal view
MARC view
- Edmonds, James E
Entry Personal Name
001 - CONTROL NUMBER
- control field: 49780
003 - CONTROL NUMBER IDENTIFIER
- control field: NUST
005 - DATE AND TIME OF LATEST TRANSACTION
- control field: 20210314134436.0
008 - FIXED-LENGTH DATA ELEMENTS
- fixed length control field: 210314|| aca||aabn | a|a d
040 ## - CATALOGING SOURCE
- Original cataloging agency: NUST
- Transcribing agency: NUST
100 ## - HEADING--PERSONAL NAME
- Personal name: Edmonds, James E
670 ## - SOURCE DATA FOUND
- Source citation: Work cat.: (NUST): Edmonds, James E., Military operations, France and Belgium, 1918 ..., 1935-
